000 01501nam a22003375i 4500
001 178576
003 ES-MaACL
005 20241210140229.0
008 110608s1959 sp o |||| | spa d
080 _a821.134.2-2"19"
245 0 0 _aTeatro español.
_p1957-1958 /
_cprólogo, notas y apéndice por Federico Carlos Sainz de Robles.
260 _aMadrid :
_bAguilar,
_c1959.
300 _aXXXI, 362, [8] p. de fot. bl. y n. ;
_c21 cm.
490 1 _aColección literaria. Novelistas, dramaturgos, ensayistas, poetas
505 8 0 _aContiene: Las cartas boca abajo / Antonio Buero Vallejo. Alta fidelidad / Edgar Neville. La herencia / Joaquín Calvo Sotelo. Los tres etcéteras de don Simón / José María Pemán. Usted puede ser un asesino / Alfonso Paso
650 4 _aTeatro español-
_yS.XX.
_917356
700 1 _aSainz de Robles, Federico Carlos,
_d1898-1982
_9101593
700 1 _aBuero Vallejo, Antonio,
_d1916-2000
_932421
700 1 _aNeville, Edgar,
_d1899-1967
_985470
700 1 _aCalvo-Sotelo, Joaquín,
_d1905-1993
_933913
700 1 _aPemán, José María,
_d1897-1981
_990130
700 1 _aPaso, Alfonso
_989420
740 4 2 _aLas cartas boca abajo.
740 0 2 _aAlta fidelidad.
740 3 2 _aLa herencia.
740 4 2 _aLos tres etcéteras de don Simón.
740 0 2 _aUsted puede ser un asesino.
830 0 _aColección literaria. Novelistas, dramaturgos, ensayistas, poetas
_9183856
852 _aES-MaACL
_jE-15344
_xOlim P-83
999 _c178576
_d178576